Delphi v Internete : Tretia časť: Klient/server aplikácia

Bibliographic Details
Main Author: Hruška, Slavoj jr (Author)
Format: Article
Language:Slovak

MARC

LEADER 00000nab a2200000 a 4500
001 vtls010733337
003 SK-MaSNL
005 20260304192010.0
008 250709s1998 xo |||||||||||||||||slo|
035 |a (urnnbn)urn:nbn:sk:snk:ar-a05d16 
035 |a (uuid)59d5f353-8830-48ee-9893-0ec42c7eea6c 
035 |a urn:nbn:sk:snk-ab3vg6 
040 |a SNKBUCL  |b slo  |c SNKBUCL  |e AACR2 
041 0 |a slo 
044 |a xo  |c SK 
100 1 |a Hruška, Slavoj  |c jr.  |4 aut  |9 1524903 
245 1 0 |a Delphi v Internete :  |b Tretia časť: Klient/server aplikácia  |c Slavoj Hruška Jr. 
773 0 |t PC revue : sprievodca digitálnym svetom  |g Roč. 6, č. 1 (1998), s. 107-109 
850 |a Slovenská národná knižnica 
852 |a Slovenská národná knižnica 
954 |a odborná, vedecká literatúra pôvodná (slovenská)  |2 lita 
958 |a article1 
958 |a OND 
958 |a EUIPO 
999 |c 3057968  |d 3059898